| 000 | 00485nam a2200181 i 4500 | ||
|---|---|---|---|
| 001 | 36304 | ||
| 003 | ES-MaACL | ||
| 005 | 20230906155337.0 | ||
| 007 | t| | ||
| 008 | 030217s1922 sp ||||1| spa d | ||
| 100 | 1 |
_aBruschetti, Attilio. _932224 |
|
| 245 | 1 | 0 |
_aCiencia práctica de la vida / _cpor Attilio Bruschetti. |
| 250 | _a3ª ed. | ||
| 260 |
_aBarcelona : _bLópez Robert, _c1922. |
||
| 300 |
_a109 p. ; _c17 cm. |
||
| 852 |
_aES-MaACL _jF-3007 |
||
| 852 |
_aES-MaACL _jF-4191 |
||
| 999 |
_c36304 _d36304 |
||